Research methods for leisure and tourism : (Record no. 17808)
[ view plain ]
| 000 -LEADER | |
|---|---|
| fixed length control field | 00754nam a22002532 4500 |
| 001 - CONTROL NUMBER | |
| control field | 0000019946 |
| 003 - CONTROL NUMBER IDENTIFIER | |
| control field | OSt |
| 005 - DATE AND TIME OF LATEST TRANSACTION | |
| control field | 20190706142802.0 |
| 008 - FIXED-LENGTH DATA ELEMENTS--GENERAL INFORMATION | |
| fixed length control field | 110324s xx 000 0 eng d |
| 020 ## - INTERNATIONAL STANDARD BOOK NUMBER | |
| International Standard Book Number | 1292115290 |
| 040 ## - CATALOGING SOURCE | |
| Original cataloging agency | KABU |
| Transcribing agency | KABU |
| 050 ## - LIBRARY OF CONGRESS CALL NUMBER | |
| Classification number | GV14.5 |
| Item number | .V43 2018 c. 1 |
| 100 1# - MAIN ENTRY--PERSONAL NAME | |
| Personal name | Veal, A. J. |
| 245 10 - TITLE STATEMENT | |
| Title | Research methods for leisure and tourism : |
| Statement of responsibility, etc. | A. J. Veal. |
| 250 ## - EDITION STATEMENT | |
| Edition statement | 5th ed. |
| 260 ## - PUBLICATION, DISTRIBUTION, ETC. (IMPRINT) | |
| Place of publication, distribution, etc. | Harlow, UK : |
| Name of publisher, distributor, etc. | Pearson Education Limited |
| Date of publication, distribution, etc. | 2018. |
| 300 ## - PHYSICAL DESCRIPTION | |
| Extent | xxxiii, 606 p. |
| 650 #0 - SUBJECT ADDED ENTRY--TOPICAL TERM | |
| Topical term or geographic name as entry element | Leisure |
| General subdivision | Research. |
| 650 #0 - SUBJECT ADDED ENTRY--TOPICAL TERM | |
| Topical term or geographic name as entry element | Tourism |
| General subdivision | Research. |
| 650 #0 - SUBJECT ADDED ENTRY--TOPICAL TERM | |
| Topical term or geographic name as entry element | Research |
| General subdivision | Methodology. |
| 908 ## - PUT COMMAND PARAMETER (RLIN) | |
| Put command parameter | 110324 |
| 942 ## - ADDED ENTRY ELEMENTS (KOHA) | |
| Source of classification or shelving scheme | Library of Congress Classification |
| Koha item type | General Collection |
| Classification part | GV14.5 |
| Item part | .V43 2018 c. 1 |
| Withdrawn status | Lost status | Source of classification or shelving scheme | Not for loan | Home library | Current library | Date acquired | Cost, normal purchase price | Total Checkouts | Full call number | Barcode | Date last seen | Copy number | Price effective from | Koha item type |
|---|---|---|---|---|---|---|---|---|---|---|---|---|---|---|
| Library of Congress Classification | Kabarak, Main Campus | Kabarak, Main Campus | 06/07/2019 | 5366.08 | GV14.5 .V43 2018 c. 1 | 023533 | 06/07/2019 | c. 1 | 06/07/2019 | General Collection | ||||
| Library of Congress Classification | Kabarak, Main Campus | Kabarak, Main Campus | 06/07/2019 | 5366.08 | GV14.5 .V43 2018 c. 2 | 023534 | 06/07/2019 | c. 2 | 06/07/2019 | General Collection | ||||
| Library of Congress Classification | Kabarak, Main Campus | Kabarak, Main Campus | 06/07/2019 | 5366.08 | GV14.5 .V43 2018 c. 3 | 023535 | 06/07/2019 | c. 3 | 06/07/2019 | General Collection |